Social mobility : (Record no. 57457)
[ view plain ]
| 000 -LEADER | |
|---|---|
| fixed length control field | 00800nam a2200265 a 4500 |
| 001 - CONTROL NUMBER | |
| control field | 57457 |
| 003 - CONTROL NUMBER IDENTIFIER | |
| rucl marc code | BD-RJUL |
| 005 - DATE AND TIME OF LATEST TRANSACTION | |
| control field | 20211209080521.0 |
| 008 - FIXED-LENGTH DATA ELEMENTS--GENERAL INFORMATION | |
| fixed length control field | 161210s1975 enka b 001 0 eng |
| 035 ## - SYSTEM CONTROL NUMBER | |
| System control number | (BD-RJUL)57581 |
| 040 ## - CATALOGING SOURCE | |
| Original cataloging agency | DLC |
| Transcribing agency | DLC |
| Modifying agency | BD-RJUL |
| Language of cataloging | eng |
| 041 ## - LANGUAGE CODE | |
| Language code of text/sound track or separate title | eng |
| 082 ## - DEWEY DECIMAL CLASSIFICATION NUMBER | |
| Classification number | 305.513 |
| Edition number | 23 |
| Author mark and year | SOC 1975 |
| 245 00 - TITLE STATEMENT | |
| Title | Social mobility : |
| Remainder of title | selected readings / |
| Statement of responsibility, etc. | edited by A. P. M. Coxon and C. L. Jones |
| 260 ## - PUBLICATION, DISTRIBUTION, ETC. (IMPRINT) | |
| Place of publication, distribution, etc. | Harmondsworth : |
| Name of publisher, distributor, etc. | Penguin Education, |
| Date of publication, distribution, etc. | c1975. |
| 300 ## - PHYSICAL DESCRIPTION | |
| Pagination | 384 p. : |
| Illustrations | ill ; |
| Size | 20 cm. |
| 490 1# - SERIES STATEMENT | |
| Series statement | Penguin Education |
| 500 ## - GENERAL NOTE | |
| General note | Includes indexes |
| 650 #0 - SUBJECT ADDED ENTRY--TOPICAL TERM | |
| Topical term or geographic name as entry element | Social mobility |
| 9 (RLIN) | 170620 |
| 700 1# - ADDED ENTRY--PERSONAL NAME | |
| Personal name | Coxon, Anthony Peter Macmillan. |
| Personal name | Jones, Charles L. |
| 830 #0 - SERIES ADDED ENTRY--UNIFORM TITLE | |
| Uniform title | Penguin Education |
| 942 ## - ADDED ENTRY ELEMENTS (KOHA) | |
| Source of classification or shelving scheme | Dewey Decimal Classification |
| Koha item type | Books |
| Lost status | Source of classification or shelving scheme | Damaged status | Not for loan | Collection code | Permanent Location | Current Location | Shelving location | Date acquired | Source of acquisition | Cost, normal purchase price | Total Checkouts | Full call number | Date last seen | Copy number | Koha item type |
|---|---|---|---|---|---|---|---|---|---|---|---|---|---|---|---|
| Dewey Decimal Classification | Not For Loan | Non-fiction | Central Library, University of Rajshahi | Central Library, University of Rajshahi | Reading Room | 22/03/1980 | Heffer | 1.50 | 305.513 SOC 1975 | 10/12/2016 | C-1 | Books |